Quiz o Grudziądzu - Statystyki

Ogólne statystyki
  • Ten quiz został rozwiązany 167 razy
  • Średni wynik to 7 z 11
Statystyki odpowiedzi
Aluzja Odpowiedź % Poprawnych
W jakim województwie leży Grudziądz Kujawsko - Pomorskie
98%
Nad jak rzeką leży Grudziądz Wisła
97%
Klub żużlowy GKM Grudziądz
91%
Słynna wieża Klimek
80%
Największe jezioro Jezioro Rudnickie
77%
Prezydent Grudziądza Maciej Glamowski
74%
Tragicznie zmarły lekkoatleta Bronisław Malinowski
69%
Jedyny poseł z Grudziądza Tomasz Szymański
27%
Liczba ludności 92552
21%
Popularna aktorka Katarzyna Warnke
19%
Znany siatkarz Piotr Gabrych
16%
Nie znaleziono quizów pasujących do podanych kryteriów
Rozkład punktacji
Procent ludzi z każdym wynikiem
Percentyl według liczby udzielonych odpowiedzi
Twoja historia wyników
Nie rozwiązałeś tego quizu